[Event "17th Senior WCh"]
[Site "Gmunden AUT"]
[Date "2007.09.23"]
[Round "6"]
[White "Hicker,H"]
[Black "Zunker,R"]
[Result "1/2-1/2"]
[WhiteElo "2107"]
[BlackElo "2250"]

1.d4 Nf6 2.Nf3 g6 3.c4 Bg7 4.Nc3 d6 5.e4 O-O 6.Be2 e5 7.O-O Nbd7 8.d5 Nc5
9.Qc2 a5 10.Ne1 Bg4 11.f3 Bd7 12.Nd3 Nxd3 13.Bxd3 Nh5 14.g3 Kh8 15.Bd2 Bf6
16.Ne2 Bg5 17.Qc1 Bxd2 18.Qxd2 Qe7 19.b3 b6 20.a3 Ng7 21.b4 f5 22.exf5 gxf5
23.f4 e4 24.Bc2 Be8 25.Qc3 Kg8  1/2-1/2

[Event "6th ch-Asia"]
[Site "Cebu City PHI"]
[Date "2007.09.25"]
[Round "7"]
[White "Le Quang Liem"]
[Black "Kim,Alex"]
[Result "1-0"]
[WhiteElo "2542"]
[BlackElo "2445"]

1.d4 Nf6 2.c4 g6 3.Nc3 Bg7 4.e4 d6 5.Nf3 O-O 6.Be2 e5 7.d5 Na6 8.Bg5 h6 9.Bh4 c5
10.O-O Bd7 11.Ne1 Qe8 12.a3 Nh7 13.Nd3 Rc8 14.Kh1 Nb8 15.Rb1 b6 16.b4 Na6
17.Nb5 Bxb5 18.cxb5 Nc7 19.a4 Qd7 20.Nb2 cxb4 21.Rc1 f5 22.f3 Bf6 23.Be1 Bg5
24.Rc6 fxe4 25.fxe4 Rxf1+ 26.Bxf1 Rf8 27.Bxb4 Ne8 28.Be2 Nhf6 29.Qd3 Ng4
30.Nd1 Nf2+ 31.Nxf2 Rxf2 32.Kg1 Rf8 33.Bf3 Qf7 34.Be1 Qf6 35.Bf2 Bh4 36.Be3 Bg5
37.a5 Bxe3+ 38.Qxe3 bxa5 39.Qxa7 Qg5 40.Qf2 Nf6 41.h4  1-0

[Event "16th Monarch Assurance"]
[Site "Port Erin IOM"]
[Date "2007.09.27"]
[Round "6"]
[White "Collins,S IRL"]
[Black "Areshchenko,A"]
[Result "0-1"]
[WhiteElo "2405"]
[BlackElo "2645"]

1.Nf3 Nf6 2.c4 g6 3.Nc3 Bg7 4.e4 O-O 5.d4 d6 6.Be2 Nbd7 7.O-O e5 8.Re1 c6
9.d5 c5 10.a3 Ne8 11.b4 h6 12.Nd2 f5 13.Nb3 b6 14.Bd2 Ndf6 15.Bd3 f4 16.Nb5 f3
17.gxf3 Nh5 18.Kh1 Nf4 19.Bf1 Qh4 20.Be3 Nh3 21.Ra2 a6 22.Nc3 Nf6 23.Bxh3 Qxh3
24.Rg1 Kh7 25.Rb2 g5 26.bxc5 bxc5 27.Nd2 g4 28.Rg3 Qh5 29.Qg1 Rf7 30.Rb6 Bf8
31.Qg2 gxf3 32.Nxf3 Ng4 33.Kg1 Nxe3 34.fxe3 Rf6 35.Rc6 Qf7 36.h4 Bd7 37.Rc7 Rb8
38.Kh2 Qe7 39.Kg1 Rf7 40.Qc2 Qd8 41.Ra7 Qb6 42.Qf2 Kh8 43.Nxe5 Rxf2 44.Ng6+ Kg8
45.Ne5+ Bg7 46.Rxd7 dxe5 47.Rgxg7+ Kf8 48.Kxf2 Qf6+ 49.Kg3 Rb3  0-1

[Event "16th Monarch Assurance"]
[Site "Port Erin IOM"]
[Date "2007.09.27"]
[Round "6"]
[White "Cafolla,P"]
[Black "Nelson,Jo"]
[Result "1/2-1/2"]
[WhiteElo "2034"]
[BlackElo "2282"]

1.d4 Nf6 2.c4 g6 3.Nc3 Bg7 4.e4 d6 5.Nf3 O-O 6.Be2 e5 7.d5 a5 8.Bg5 h6 9.Bh4 Na6
10.Nd2 Qe8 11.O-O Bd7 12.b3 Nh7 13.a3 f5 14.f3 b6 15.Qc2 h5 16.Rab1 Bh6 17.b4 axb4
18.axb4 Be3+ 19.Bf2 Bxf2+ 20.Rxf2 Qe7 21.exf5 gxf5 22.Nd1 h4 23.Bd3 Ng5 24.Ne3 e4
25.fxe4 fxe4 26.Rxf8+ Rxf8 27.Bxe4 Re8 28.Nf5 Bxf5 29.Bxf5 Qe3+ 30.Kh1 Nxb4
31.Qd1 Nd3 32.Bxd3 Qxd3 33.Nf3 Qxd1+ 34.Rxd1 Nxf3 35.gxf3 h3 36.Rg1+ Kf7
37.Rg3 Re1+ 38.Rg1 Re3 39.Rg3 Re1+ 40.Rg1 Re3  1/2-1/2

[Event "Magistral ITT ENDESA"]
[Site "Santiago CHI"]
[Date "2007.09.28"]
[Round "3"]
[White "Valenzuela Fuentealba,L"]
[Black "Jorquera,M"]
[Result "1-0"]
[WhiteElo "2434"]
[BlackElo "2296"]

1.d4 Nf6 2.Nf3 d6 3.c4 g6 4.Nc3 Bg7 5.e4 O-O 6.Be2 e5 7.d5 Nbd7 8.Bg5 h6
9.Bh4 g5 10.Bg3 Nh5 11.h4 g4 12.Nh2 f5 13.exf5 Nxg3 14.fxg3 Nc5 15.O-O h5
16.b4 e4 17.Rc1 Nd3 18.Bxd3 exd3 19.f6 Rxf6 20.Qxd3 Bd7 21.Ne4 Rf5 22.c5 Qe7
23.cxd6 cxd6 24.Rc7 Rxf1+ 25.Nxf1 Bb5 26.Qc2 Qe5 27.Ng5 Qd4+ 28.Kh2 Bd3 29.Rc8+ Rxc8
30.Qxc8+ Bf8 31.Qe6+ Kh8 32.Qf7 Qg7 33.Qxh5+ Kg8 34.Ne3  1-0

[Event "Magistral ITT ENDESA"]
[Site "Santiago CHI"]
[Date "2007.09.28"]
[Round "3"]
[White "Romero Pino,C"]
[Black "Diaz,Rob"]
[Result "1/2-1/2"]
[WhiteElo "2301"]
[BlackElo "2319"]

1.d4 Nf6 2.c4 d6 3.Nf3 g6 4.Nc3 Bg7 5.e4 O-O 6.Be2 e5 7.O-O Nbd7 8.Be3 exd4
9.Nxd4 Re8 10.Qc2 c6 11.Rad1 Qe7 12.f3 a5 13.Rfe1 Nc5 14.Bf1 Nfd7 15.Qd2 Ne5
16.Nb3 a4 17.Nxc5 dxc5 18.Qc2 a3 19.b3 Be6 20.Na4 Nd7 21.Qc1 Ra5 22.Kh1 Rea8
23.Qd2 h5 24.h3 Ne5 25.Qf2 Nd7 26.Qd2 Ne5 27.Qf2  1/2-1/2

[Event "16th Monarch Assurance"]
[Site "Port Erin IOM"]
[Date "2007.09.29"]
[Round "8"]
[White "Wright,W"]
[Black "Weisbuch,U"]
[Result "0-1"]
[WhiteElo "2186"]
[BlackElo "2284"]

1.d4 Nf6 2.c4 g6 3.Nc3 Bg7 4.e4 d6 5.Nf3 O-O 6.Be2 e5 7.d5 a5 8.Bg5 h6 9.Bh4 Qe8
10.Nd2 Na6 11.O-O Bd7 12.b3 Nh7 13.f3 h5 14.a3 Bh6 15.Rb1 Be3+ 16.Bf2 Bc5
17.Bxc5 dxc5 18.Rf2 Qd8 19.Nf1 h4 20.Qd2 Kg7 21.Na2 b6 22.b4 axb4 23.axb4 f5
24.b5 Nb8 25.exf5 Bxf5 26.Re1 Nd7 27.Nc3 Qg5 28.Ne3 Ra3 29.Bd3 Bxd3 30.Qxd3 Nhf6
31.Qc2 Qf4 32.Qb2 Rxc3 33.Qxc3 Ne4 34.Qc2 Nxf2 35.Qxf2 e4 36.Qb2+ Qe5 37.Qxe5+ Nxe5
38.fxe4 Rf4 39.Rc1 Rxe4 40.Rc3 Rf4 41.g3 Rf3 42.Kg2 g5 43.gxh4 gxh4 44.Ra3 h3+
45.Kg1 Ng4 46.Nc2 Rxa3 47.Nxa3 Kf6  0-1

[Event "TCh-BEL 2007-8"]
[Site "Belgium BEL"]
[Date "2007.09.30"]
[Round "1"]
[White "Wiley,To"]
[Black "Geenen,M"]
[Result "1/2-1/2"]
[WhiteElo "2332"]
[BlackElo "2293"]

1.d4 Nf6 2.c4 g6 3.Nc3 Bg7 4.e4 d6 5.Nf3 O-O 6.Be2 e5 7.d5 Na6 8.Nd2 h5 9.a3 c5
10.Rb1 Nc7 11.b4 b6 12.O-O Bh6 13.Nb3 Bxc1 14.Nxc1 cxb4 15.axb4 a5 16.b5 Nd7
17.Nd3 Ne8 18.Na4 Nef6 19.Bf3 Qe7  1/2-1/2

[Event "Open"]
[Site "Miami USA"]
[Date "2007.09.30"]
[Round "9"]
[White "Pruess,D"]
[Black "Becerra Rivero,J"]
[Result "1/2-1/2"]
[WhiteElo "2424"]
[BlackElo "2559"]

1.d4 Nf6 2.c4 g6 3.Nc3 Bg7 4.e4 d6 5.Nf3 O-O 6.Be2 e5 7.Be3 h6 8.O-O Ng4
9.Bc1 Nc6 10.d5 Ne7 11.Ne1 f5 12.Bxg4 fxg4 13.Be3 b6 14.b4 g5 15.c5 Ng6 16.cxd6 cxd6
17.a4 Bd7 18.Nd3 Nh4 19.a5 b5 20.a6 Qe8 21.Ne2 Bf6 22.Ng3 Bd8 23.Qe2 h5 24.Rfc1 Ng6
25.Qd1 Nf4 26.Ne1 Qg6 27.Rc6 h4 28.Nf5 Bxf5 29.exf5 Qxf5 30.Bxf4 Qxf4 31.Nd3 Qf5
32.Rxd6 e4 33.Nc5 g3 34.hxg3 hxg3 35.fxg3 Bc7 36.Re6 Bxg3 37.Nxe4 Bf2+ 38.Nxf2 Qxf2+
39.Kh1 Rf4 40.Rh6 Raf8 41.Qe1 Kg7 42.Qxf2 Rxf2 43.Rc6 Rd2 44.Re1 Rxd5 45.Re7+ Rf7
46.Rxf7+ Kxf7 47.Rc7+ Kg6 48.Rxa7 Kh5 49.Kg1 Kg4 50.Rg7 Rd2 51.a7 Ra2 52.Kf1 Kf4
53.Ke1 Ke3 54.Kd1 Kd3 55.Kc1 Kc3 56.Kb1 Ra4 57.Rxg5 Rxa7 58.Rxb5 Rg7 59.Rc5+ Kxb4
60.Rc2 Kb3 61.Kc1 Rg8 62.Kd1 Rg7 63.Rd2 Kc3 64.Ke1 Rg8 65.Re2 Kd3 66.Kf1 Rf8+
67.Rf2 Rg8 68.Rf3+ Ke4 69.Kf2 Rg4 70.g3 Rg5 71.Re3+ Kf5 72.Kf3 Kf6 73.Ra3 Rb5
74.Kg4 Kg6 75.Ra6+ Kg7 76.Kh4 Rc5 77.g4 Rb5  1/2-1/2

[Event "Magistral ITT ENDESA"]
[Site "Santiago CHI"]
[Date "2007.09.30"]
[Round "5"]
[White "Romero Pino,C"]
[Black "Casafus,R"]
[Result "0-1"]
[WhiteElo "2301"]
[BlackElo "2337"]

1.d4 Nf6 2.c4 d6 3.Nf3 g6 4.Nc3 Bg7 5.e4 O-O 6.Be2 e5 7.O-O Nbd7 8.Qc2 c6
9.Rd1 exd4 10.Nxd4 Re8 11.Bg5 a5 12.f3 Qe7 13.Qd2 Nc5 14.Nc2 Ne6 15.Be3 Bf8
16.Na4 Nd7 17.Bf2 Nec5 18.Nxc5 Nxc5 19.Bf1 a4 20.Bg3 Rd8 21.Re1 Bg7 22.Rad1 Be5
23.Bf2 Re8 24.Nb4 Qf6 25.Nd3 Nxd3 26.Qxd3 Bxb2 27.Qxd6 Qxd6 28.Rxd6 Be5 29.Rdd1 Be6
30.Bd4 Bxd4+ 31.Rxd4 Red8 32.Red1 Rxd4 33.Rxd4 a3 34.Kf2 b5 35.cxb5 cxb5
36.Bxb5 Bxa2 37.Rd1 Rb8 38.Bd3 Rb2+ 39.Kg3 Bb3 40.Ra1 a2  0-1

[Event "Open"]
[Site "Corfu GRE"]
[Date "2007.10.01"]
[Round "1"]
[White "Favre,B"]
[Black "Kostiukova,L"]
[Result "1/2-1/2"]
[WhiteElo "1990"]
[BlackElo "2318"]

1.d4 Nf6 2.Nf3 g6 3.c4 Bg7 4.Nc3 O-O 5.e4 d6 6.Be2 e5 7.dxe5 dxe5 8.Qxd8 Rxd8
9.Bg5 c6 10.O-O h6 11.Bh4 Nbd7 12.Rfd1 Re8 13.Ne1 Nc5 14.f3 Ne6 15.Bf2 Nd4
16.Bf1 Nd7 17.Ne2 c5 18.Nc3 Nf8 19.Bd3 Nfe6 20.Nd5 Bd7 21.Nc2 Ba4 22.b3 Bc6
23.Rd2 Bxd5 24.cxd5 Nf4 25.Bf1 Nh3+ 26.Kh1 Nxf2+ 27.Rxf2 a6 28.Bd3 b5 29.Rc1 Rec8
30.Nxd4 exd4 31.Rfc2 Bf8 32.e5 f6 33.f4 fxe5 34.fxe5 Re8 35.Re2 Kh7 36.h4  1/2-1/2

[Event "WJun Girls"]
[Site "Yerevan ARM"]
[Date "2007.10.04"]
[Round "2"]
[White "Darbinyan,A"]
[Black "Arutyunova,D"]
[Result "0-1"]
[WhiteElo "2085"]
[BlackElo "2256"]

1.Nf3 Nf6 2.c4 g6 3.Nc3 Bg7 4.e4 d6 5.d4 O-O 6.Be2 e5 7.Be3 Nbd7 8.O-O Re8
9.d5 Ng4 10.Bg5 f6 11.Bh4 h5 12.Nd2 Nf8 13.Bxg4 Bxg4 14.f3 Bd7 15.b4 g5 16.Bf2 Ng6
17.c5 Bf8 18.Nc4 Nf4 19.a4 Qe7 20.Nb5 Bxb5 21.axb5 b6 22.c6 f5 23.Ne3 fxe4
24.Nf5 Qh7 25.fxe4 Bg7 26.Be3 Rf8 27.Rf2 Rxf5 28.exf5 e4 29.Ra3 Qxf5 30.Qd2 Be5
31.Kh1 Qg4 32.Bd4 Re8 33.Bxe5 Rxe5 34.Rg3 e3 35.Rxg4 exd2 36.Rxg5+ Rxg5 37.Rxd2 Rxd5  0-1

[Event "Magistral ITT ENDESA"]
[Site "Santiago CHI"]
[Date "2007.10.05"]
[Round "10"]
[White "Michel Yunis,C"]
[Black "Jorquera,M"]
[Result "1/2-1/2"]
[WhiteElo "2368"]
[BlackElo "2296"]

1.d4 Nf6 2.Nf3 g6 3.c4 Bg7 4.Nc3 O-O 5.e4 d6 6.Be2 e5 7.dxe5 dxe5 8.Qxd8 Rxd8
9.Nd5 Nxd5 10.cxd5 c6 11.Bc4 cxd5 12.Bxd5 Nc6 13.Bg5 Re8 14.Bxc6 bxc6 15.Nd2 Be6
16.Ke2 Reb8 17.b3 a5 18.Rhc1 a4 19.Be3 h6 20.Rab1 axb3 21.axb3 Ra2 22.Rxc6 Rxb3
23.Rxb3 Bxb3 24.Kd3 Be6 25.Rc1 Ra3+ 26.Ke2 Ra2 27.f3 h5 28.Kf1 Bf6 29.Nc4 Bxc4+  1/2-1/2

[Event "KNSB TCh-NED 2007-8"]
[Site "Netherlands NED"]
[Date "2007.10.06"]
[Round "2"]
[White "Konings,L"]
[Black "Nijboer,F"]
[Result "0-1"]
[WhiteElo "2294"]
[BlackElo "2559"]

1.d4 Nf6 2.c4 g6 3.Nc3 Bg7 4.e4 d6 5.Be2 O-O 6.Nf3 e5 7.Be3 Ng4 8.Bg5 f6
9.Bh4 g5 10.Bg3 Nh6 11.dxe5 dxe5 12.Qd5+ Kh8 13.O-O-O Qe7 14.Qd2 Nc6 15.Kb1 Be6
16.Nd5 Qf7 17.Ka1 Rfd8 18.h3 Rd7 19.Qe3 Qf8 20.Qb3 Rb8 21.Rd2 Bg8 22.Qd1 Be6
23.h4 g4 24.Nh2 f5 25.exf5 Qxf5 26.Nf1 Nd4 27.Nfe3 Qh5 28.Bd3 Rbd8 29.Nc3 e4
30.Nxe4 Qa5 31.Bf4 Nc6 32.Bg5 Nb4 33.Bb1 Nxa2 34.Bxa2 Rxd2  0-1

[Event "IRT Salomao Rovedo"]
[Site "Rio de Janeiro BRA"]
[Date "2007.10.06"]
[Round "7"]
[White "Von Buelow,G"]
[Black "Giordano,G"]
[Result "1-0"]
[WhiteElo "2354"]
[BlackElo "2021"]

1.Nf3 Nf6 2.c4 g6 3.Nc3 Bg7 4.e4 d6 5.d4 O-O 6.Be2 e5 7.Be3 Nc6 8.d5 Ne7
9.Nd2 Ne8 10.b4 f5 11.f3 f4 12.Bf2 h5 13.c5 g5 14.Nc4 Ng6 15.h3 Rf7 16.Rc1 Bf8
17.cxd6 Nxd6 18.a3 Rh7 19.Qc2 a6 20.Nxd6 Bxd6 21.Na4 a5 22.Nc5 b6 23.Nd3 Ba6
24.Rb1 Bxd3 25.Bxd3 axb4 26.axb4 Qd7 27.Qc6 Qxc6 28.dxc6 Kg7 29.b5 Rhh8 30.Bc4 Ra4
31.Bd5 Rha8 32.O-O h4 33.Rfd1 Kf6 34.Kf1 Ke7 35.Be1 Nf8 36.Bb3 R4a7 37.Bc3 Ne6
38.Rd5 Kf6 39.Bc4 Ra4 40.Be2 Nd4 41.Bd3 Ne6 42.Rd1 Ra3 43.Bb2 Ra2 44.Rd2 R8a5
45.Bb1 R2a4 46.Bc2 Ra2 47.Bb3 Nd4 48.Bxa2 Rxa2 49.R5xd4 Rxb2 50.Rxd6+  1-0

[Event "FIDE"]
[Site "Corsico ITA"]
[Date "2007.10.07"]
[Round "1"]
[White "Scalcione,M"]
[Black "Gagliardi,Ch"]
[Result "1/2-1/2"]
[WhiteElo "2357"]
[BlackElo "2184"]

1.Nf3 Nf6 2.c4 g6 3.Nc3 Bg7 4.e4 d6 5.d4 O-O 6.Be2 e5 7.Be3 Nbd7 8.dxe5 dxe5
9.Nd2 b6 10.O-O Bb7 11.b4 Re8 12.Qc2 Nf8 13.Rfd1 Qc8 14.Nb3 Ng4 15.Bxg4 Qxg4
16.Nd5 Ne6 17.f3 Qh4 18.a4 c6 19.Nc3 Rad8 20.Ne2 Qe7 21.c5 Ba6 22.Nc3 Nd4
23.Qb2 Bc4 24.Nd2 Be6 25.cxb6 axb6 26.Rab1 Ra8 27.Nf1 Bb3 28.Rd2 Bxa4 29.Nxa4 Rxa4
30.Bxd4  1/2-1/2

[Event "WJun Girls"]
[Site "Yerevan ARM"]
[Date "2007.10.07"]
[Round "5"]
[White "Karavade,E"]
[Black "Vega Gutierrez,S"]
[Result "1/2-1/2"]
[WhiteElo "2331"]
[BlackElo "2331"]

1.Nf3 d6 2.d4 Nf6 3.c4 g6 4.Nc3 Bg7 5.e4 O-O 6.Be2 Na6 7.O-O e5 8.Be3 Ng4
9.Bg5 Qe8 10.dxe5 dxe5 11.h3 f6 12.Bd2 Nh6 13.Be3 c6 14.c5 Nc7 15.Nd2 Ne6
16.Nc4 Nf7 17.Qa4 f5 18.f3 f4 19.Bf2 Qe7 20.Nb6 Nxc5 21.Nxc8 Rfxc8 22.Qa3 Bf8
23.Rfd1 b5 24.Qa5 Nb7 25.Qa6 Nc5 26.Qa5 Nd8 27.a4 Nb3 28.Qa6 Nxa1 29.Rxa1 b4
30.Na2 Rc7 31.Nc1 Ne6 32.Nb3 Rd8 33.Bc4 Kh8 34.Qa5 Nd4 35.Nxd4 Rxd4 36.Bxd4 exd4
37.e5 c5 38.Re1  1/2-1/2

[Event "IV Amateur Open"]
[Site "Calvia ESP"]
[Date "2007.10.08"]
[Round "3"]
[White "Fokin,Se RUS"]
[Black "Bergas Ferriol,J"]
[Result "1-0"]
[WhiteElo "2143"]
[BlackElo "2058"]

1.Nf3 Nf6 2.d4 g6 3.c4 Bg7 4.Nc3 O-O 5.e4 d6 6.Be2 Nbd7 7.O-O e5 8.Re1 h6
9.Bf1 Nh7 10.Be3 Re8 11.Qd2 g5 12.h3 Nhf8 13.d5 Ng6 14.Qc2 Nf6 15.Nh2 Nf4
16.c5 Kh8 17.cxd6 cxd6 18.Nb5 Rg8 19.Nc7 Bf5 20.Nxa8 Bxe4 21.Qc7 Qxa8 22.Qxd6 Bxd5
23.Bxf4 exf4 24.Be2 Rd8 25.Qa3 Ne4 26.Rad1 Bf8 27.b4 a5 28.Qxa5 Qxa5 29.bxa5 Bb4
30.Bf3 Bxe1 31.Bxe4 Re8 32.Bxd5 Bxa5 33.Bxf7 Re7 34.Bc4 Kg7 35.Nf3 Rc7 36.Bb3 Bb4
37.Kf1 Be7 38.Nd4 Kf6 39.Re1 Bb4 40.Re6+ Kg7 41.Nf5+ Kf8 42.Rxh6 Rc1+ 43.Ke2 Ke8
44.Rb6 Re1+ 45.Kf3 Bc5 46.Rxb7 Rf1 47.Ng7+  1-0

[Event "Open"]
[Site "Winterthur SUI"]
[Date "2007.10.08"]
[Round "4"]
[White "Rosenthal,Jon"]
[Black "Remensberger,P"]
[Result "1-0"]
[WhiteElo "2204"]
[BlackElo "2063"]

1.d4 Nf6 2.c4 g6 3.Nc3 Bg7 4.e4 d6 5.Be2 O-O 6.Nf3 e5 7.O-O Na6 8.Re1 c6
9.Be3 Ng4 10.Bg5 Qe8 11.dxe5 dxe5 12.h3 f6 13.Bd2 Nh6 14.Qc2 Nf7 15.a3 Qe7
16.b4 Nc7 17.Be3 Ne6 18.Rad1 f5 19.exf5 gxf5 20.Qxf5 Nd4 21.Qb1 Nxf3+ 22.Bxf3 Ng5
23.Bg4 Bxg4 24.hxg4 Ne6 25.Ne4 Qh4 26.f3 h5 27.g5 Nd4 28.Bxd4 exd4 29.Nf6+ Bxf6
30.Qg6+ Bg7 31.Re7  1-0

[Event "WJun"]
[Site "Yerevan ARM"]
[Date "2007.10.08"]
[Round "6"]
[White "Banusz,T"]
[Black "Llaneza Vega,M"]
[Result "1-0"]
[WhiteElo "2491"]
[BlackElo "2426"]

1.d4 Nf6 2.c4 d6 3.Nf3 g6 4.Nc3 Bg7 5.e4 O-O 6.Be2 e5 7.d5 Nbd7 8.Bg5 h6
9.Bh4 a5 10.Nd2 c6 11.O-O g5 12.Bg3 Nc5 13.b3 cxd5 14.cxd5 Nfxe4 15.Ndxe4 Nxe4
16.Nxe4 f5 17.Bd3 fxe4 18.Bxe4 Bf5 19.Bxf5 Rxf5 20.Rc1 Qb6 21.Rc4 Qb5 22.Qg4 Raf8
23.Rd1 Qe8 24.Qe2 Qb5 25.h3 Kh7 26.f3 Kh8 27.Qd3 R5f7 28.Bf2 Rf5 29.a4 Qa6
30.Be3 R5f7 31.Qe4 Kg8 32.Rdc1 Kh8 33.R1c2 Qa8 34.Rc7 Qe8 35.R2c4 Kg8 36.Qg6 Rxc7
37.Qxe8 Rxe8 38.Rxc7 e4 39.Kf2 exf3 40.gxf3 Rb8 41.Bb6 Be5 42.Ke2 Bg3 43.Rd7 Re8+
44.Kd3 Re5 45.Rxd6 Rf5 46.Rd8+ Kf7 47.Bxa5 Rxf3+ 48.Kc4 h5 49.Bb4 b5+ 50.Kxb5 Rxb3
51.Kc4 Rb1 52.a5 g4 53.hxg4 h4 54.Rh8 Rc1+ 55.Kb5 Rd1 56.a6 Rxd5+ 57.Kc4  1-0

[Event "Open"]
[Site "Corfu GRE"]
[Date "2007.10.10"]
[Round "9"]
[White "Wolter,N"]
[Black "Makryniotis,K"]
[Result "0-1"]
[WhiteElo "1973"]
[BlackElo "1852"]

1.c4 Nf6 2.Nc3 g6 3.Nf3 Bg7 4.d4 d6 5.e4 O-O 6.Be2 Nbd7 7.O-O e5 8.dxe5 dxe5
9.Qc2 c6 10.Re1 Qc7 11.Bd2 a5 12.Rad1 Nc5 13.Be3 Qe7 14.a3 Ng4 15.Bg5 f6
16.Bh4 a4 17.Nd2 h5 18.f3 Ne3 19.Qb1 Nxd1 20.Rxd1 Be6 21.Qc2 Rfd8 22.Bf2 Rd7
23.Be3 Kh7 24.Kf1 Bh6 25.Bxc5 Qxc5 26.Nxa4 Qa7 27.Nc3 Rad8 28.Ncb1 Qe3 29.Ke1 Qg1+
30.Nf1 Qxg2 31.Rxd7+ Rxd7 32.b4 Bg5 33.Nbd2 Qg1 34.Bd3 Bh4+ 35.Kd1 Bh3 36.Kc1 Bg5
37.Kb2 Qd4+  0-1

[Event "3rd Arctic Cup"]
[Site "Salekhard RUS"]
[Date "2007.10.10"]
[Round "3"]
[White "Yamszhchikov,A"]
[Black "Mitura,K"]
[Result "1-0"]
[WhiteElo "2095"]
[BlackElo "2010"]

1.d4 Nf6 2.Nf3 g6 3.c4 Bg7 4.Nc3 O-O 5.e4 d6 6.Be2 e5 7.d5 a5 8.Bg5 h6 9.Bh4 Qe8
10.Nd2 Na6 11.O-O h5 12.a3 Nh7 13.f3 Bd7 14.b3 Bh6 15.Kh1 Nc5 16.Rb1 Be3
17.b4 axb4 18.axb4 Na4 19.Nxa4 Bxa4 20.Nb3 g5 21.Be1 Bxb3 22.Rxb3 Bd4 23.f4 Ra1
24.Qd3 gxf4 25.g3 fxg3 26.Qxg3+ Kh8 27.Bxh5 Qe7 28.Rbf3 Rg8 29.Qh3 f6 30.Qh4 c5
31.bxc5 Bxc5 32.Rh3 Bb4 33.Be2 Bxe1 34.Rxe1 Rxe1+ 35.Qxe1 Qg7 36.Qf2 Qg5
37.Qf1 Qg6 38.Rh4 Qg5 39.Rh5 Qg6 40.Rf5 Ng5 41.Qg2 Kg7 42.h4 Rh8 43.h5 Rxh5+
44.Bxh5 Qxh5+ 45.Kg1 Qd1+ 46.Kh2 Qh5+ 47.Kg3 Kg6 48.Rf1 Kg7 49.Rb1 Qf7 50.Kf2 Kf8
51.Ke3 Qc7 52.Kd3 Qc5 53.Qb2 Nh3 54.Qb6 Nf4+ 55.Kc3 Qa3+ 56.Rb3 Ne2+ 57.Kd2 Qa2+
58.Rb2 Qxc4 59.Qd8+ Kf7 60.Rxb7+ Kg6 61.Qg8+  1-0

[Event "WJun"]
[Site "Yerevan ARM"]
[Date "2007.10.11"]
[Round "8"]
[White "Banusz,T"]
[Black "Jojua,D"]
[Result "0-1"]
[WhiteElo "2491"]
[BlackElo "2434"]

1.d4 Nf6 2.c4 g6 3.Nc3 Bg7 4.e4 d6 5.Nf3 O-O 6.Be2 Nbd7 7.O-O e5 8.Qc2 c6
9.Rd1 Qe7 10.d5 c5 11.Ne1 Ne8 12.Be3 f5 13.exf5 gxf5 14.f4 e4 15.g3 Ndf6
16.Ng2 h5 17.h3 Kf7 18.a3 b6 19.b4 Rh8 20.Rab1 Nd7 21.Rdc1 Bf6 22.Qd1 h4
23.g4 fxg4 24.hxg4 h3 25.Ne1 Bxc3 26.Rxc3 Qh4 27.Kh2 Ndf6 28.g5 Ng7 29.Nc2 Bg4
30.Qe1 Bxe2 31.Qxh4 Rxh4 32.gxf6 Nf5 33.Ne1 Rg8 34.Rb2 Rg2+ 35.Nxg2 hxg2+
36.Kxg2 Bf3+ 37.Kf1 Nxe3+  0-1

[Event "3rd Arctic Cup"]
[Site "Salekhard RUS"]
[Date "2007.10.12"]
[Round "5"]
[White "Yamszhchikov,A"]
[Black "Tan,Jo NED"]
[Result "0-1"]
[WhiteElo "2095"]
[BlackElo "2138"]

1.Nf3 Nf6 2.d4 g6 3.c4 Bg7 4.Nc3 O-O 5.e4 d6 6.Be2 e5 7.d5 a5 8.Bg5 Na6 9.Nd2 Qe8
10.O-O h6 11.Bxf6 Bxf6 12.Bg4 Bxg4 13.Qxg4 Bg7 14.Qe2 f5 15.Rfb1 Bf6 16.b3 Kh7
17.a3 Nc5 18.b4 axb4 19.axb4 Na4 20.Nxa4 Rxa4 21.b5 Qa8 22.Qd1 Ra7 23.Qe1 Bg5
24.Nb3 Ra2 25.f3 Qa7+ 26.Kh1 fxe4 27.Qxe4 Rf4 28.Qd3 Rh4 29.f4 Bxf4 30.h3 e4
31.b6 Qxb6 32.c5 Qb4 33.Qf1 Rxa1 34.Nxa1 Qd2 35.g3 e3 36.Nb3 Qxd5+ 37.Kh2 Be5
38.cxd6 cxd6 39.Rc1 Re4 40.Rc7+ Bg7 41.Qf6 Qg8 42.Nd4 Kh8 43.Qxg6 Rxd4  0-1

[Event "WJun"]
[Site "Yerevan ARM"]
[Date "2007.10.12"]
[Round "9"]
[White "Laznicka,V"]
[Black "Andreikin,D"]
[Result "1/2-1/2"]
[WhiteElo "2610"]
[BlackElo "2555"]

1.d4 Nf6 2.c4 d6 3.Nc3 e5 4.Nf3 Nbd7 5.e4 g6 6.Be2 Bg7 7.O-O O-O 8.Re1 c6
9.Bf1 a6 10.d5 Ne8 11.b4 c5 12.Rb1 h6 13.bxc5 Nxc5 14.Na4 Bg4 15.Nxc5 dxc5
16.Rxb7 Nd6 17.Rb3 f5 18.exf5 e4 19.h3 Bxf5 20.Nh2 Bd4 21.Be3 Bxe3 22.Rexe3 Qf6
23.Rb6 Ra7 24.Reb3 Raf7 25.Qd2 Bc8 26.Rc6 Bd7 27.Rxa6 Bc8 28.Rc6 Bd7 29.Ng4 Bxg4
30.hxg4 Qg7 31.f3 exf3 32.Rxf3 Qe5 33.Qxh6 Rxf3 34.Qxg6+ Kh8 35.Qh6+ Kg8
36.gxf3 Qg3+ 37.Bg2 Re8 38.Qg6+ Kh8 39.Qh6+ Kg8 40.Qg6+  1/2-1/2

[Event "FIDE"]
[Site "Corsico ITA"]
[Date "2007.10.13"]
[Round "3"]
[White "Sbarra,M"]
[Black "Gagliardi,Ch"]
[Result "1-0"]
[WhiteElo "2220"]
[BlackElo "2184"]

1.d4 Nf6 2.c4 g6 3.Nc3 Bg7 4.e4 d6 5.Nf3 O-O 6.Be2 e5 7.d5 Na6 8.Nd2 h5 9.Rb1 c5
10.a3 Ng4 11.O-O Bd7 12.Nb5 Qe7 13.b4 f5 14.exf5 Bxf5 15.Bxg4 hxg4 16.Rb3 e4
17.Re1 Be5 18.Nf1 Kg7 19.Bb2 Bxb2 20.Rxb2 Qe5 21.Rb3 Bd7 22.Rbe3 cxb4 23.Rxe4 Qf6
24.Re7+ Rf7 25.Rxf7+ Kxf7 26.axb4 Nxb4 27.Ng3 Rh8 28.Qd2 a5 29.Ne4 Qh4 30.Ng5+ Kg8
31.Qf4 Bf5 32.Re8+  1-0

[Event "Open"]
[Site "Winterthur SUI"]
[Date "2007.10.13"]
[Round "9"]
[White "Krutti,V"]
[Black "Mede,I"]
[Result "0-1"]
[WhiteElo "2412"]
[BlackElo "2233"]

1.Nf3 Nf6 2.c4 g6 3.Nc3 Bg7 4.e4 d6 5.d4 O-O 6.Be2 e5 7.d5 a5 8.Bg5 h6 9.Bh4 Qe8
10.Nd2 Na6 11.a3 Bd7 12.b3 Nh7 13.f3 h5 14.O-O Bh6 15.Bf2 b6 16.Rb1 f5 17.b4 axb4
18.axb4 Nf6 19.Qc2 f4 20.Rfd1 g5 21.c5 bxc5 22.bxc5 dxc5 23.Ra1 Nb4 24.Rxa8 Nxc2
25.Rxe8 Rxe8 26.Bxc5 Bf8 27.Bf2 Rb8 28.Rb1 Rb4 29.Ba7 Nd4 30.Bc4 Kg7 31.h3 Kg6
32.Bd3 Kg7 33.Bc4 Bd6 34.Kf2 g4 35.hxg4 hxg4 36.Bd3 Kh6 37.Nc4 Rxb1 38.Bxb1 g3+
39.Kf1 Bb4 40.Ne2 Nb3 41.Bc2 Nd2+ 42.Nxd2 Bxd2 43.Bb8 Ne8 44.Bd3 Be3 45.Nc3 Bb6
46.Nb5 Bxb5 47.Bxb5 Nd6  0-1

[Event "Open"]
[Site "Winterthur SUI"]
[Date "2007.10.13"]
[Round "9"]
[White "Malakhatko,V"]
[Black "Galyas,M"]
[Result "1-0"]
[WhiteElo "2603"]
[BlackElo "2433"]

1.d4 Nf6 2.c4 g6 3.Nc3 Bg7 4.e4 d6 5.Nf3 O-O 6.Be2 Na6 7.O-O e5 8.Be3 Ng4
9.Bg5 Qe8 10.c5 h6 11.Bh4 exd4 12.Nd5 g5 13.Bxa6 gxh4 14.Nxc7 Qc6 15.cxd6 bxa6
16.Rc1 Qxd6 17.Nxa8 h3 18.Nc7 hxg2 19.Re1 Kh8 20.h3 Ne5 21.Nd5 Bxh3 22.Nxe5 Bxe5
23.f4 Bg7 24.Qf3 Be6 25.f5 d3 26.f6 d2 27.fxg7+ Kxg7 28.Qc3+  1-0

[Event "IV Open"]
[Site "Calvia ESP"]
[Date "2007.10.18"]
[Round "4"]
[White "Sparreboom,W"]
[Black "Alemany Jara,A"]
[Result "1-0"]
[WhiteElo "1960"]
[BlackElo "1559"]

1.d4 Nf6 2.c4 g6 3.Nc3 Bg7 4.e4 d6 5.Be2 O-O 6.Nf3 e5 7.d5 Bg4 8.O-O Re8
9.b4 Nbd7 10.Qc2 Rc8 11.Be3 a6 12.Rfd1 Nf8 13.h3 Bd7 14.c5 Ra8 15.a4 dxc5
16.bxc5 Qc8 17.Nh2 h5 18.f3 N8h7 19.Qd2 Kh8 20.a5 Ng8 21.Rac1 Bf8 22.c6 bxc6
23.dxc6 Bxc6 24.Nd5 Bxd5 25.Qxd5 Kg7 26.f4 Nhf6 27.Qc4 exf4 28.Bd4 Rxe4 29.Bf3 Rxd4
30.Qxd4 Rb8 31.Qxf4 Ne8 32.Bc6 Bd6 33.Qd4+ Ngf6 34.Re1 Bxh2+ 35.Kxh2 Nd6
36.Bf3 Nb5 37.Qe5 Qe8 38.Qc5 Qf8 39.Qc6 Qd6+ 40.Kg1 Qxc6 41.Rxc6 Ne8 42.Rxa6 Ned6
43.Ra8 Rxa8 44.Bxa8 c5 45.a6 c4 46.Bc6 Na7 47.Ba4 Ndc8 48.Rb1 Nd6 49.Rb6 Nac8
50.Rxd6 Na7 51.Rd7 Nc8 52.a7 Nb6 53.Rb7 Na8 54.Rb8 Nc7 55.Rc8  1-0

[Event "IV Open"]
[Site "Calvia ESP"]
[Date "2007.10.18"]
[Round "4"]
[White "Raznikov,D"]
[Black "Moreno Garcia,A"]
[Result "1/2-1/2"]
[WhiteElo "2162"]
[BlackElo "2020"]

1.d4 Nf6 2.Nf3 g6 3.c4 Bg7 4.Nc3 d6 5.e4 O-O 6.Be2 e5 7.Be3 a6 8.O-O Nc6
9.d5 Ne7 10.Nd2 Ne8 11.b4 f5 12.f3 f4 13.Bf2 g5 14.c5 Ng6 15.Nc4 Rf7 16.a4 h5
17.Rc1 Bf8 18.Kh1 Nf6 19.cxd6 Bxd6 20.b5 g4 21.bxa6 bxa6 22.Na5 g3 23.Nc6 Qf8
24.Be1 gxh2 25.Bd3 h4 26.Ne2 Nh5 27.Qd2 Qh6 28.Nd8 Rh7 29.Ne6 Ng3+ 30.Nxg3 hxg3
31.Rb1 Nh4 32.Qe2 Kh8 33.Bc4 Re7 34.Qa2 Ng6 35.Bc3 Nf8 36.Nxf8 Qxf8 37.Qd2 Re8
38.a5 Bd7 39.Rb7 Bc8 40.Rb3 Kh7 41.Rfb1 Bd7 42.Qd3 Reb8 43.Bxa6 Rxb3 44.Rxb3 Rb8
45.Qb1 Rxb3 46.Qxb3 Qe8 47.Qb7 Ba4 48.Bf1 Bd7 49.a6 Bc8 50.Qc6 Qxc6 51.dxc6 Bxa6
52.Bxa6 Kg7 53.Bc4 Kf6 54.Bd5 Ke7 55.Be1 Kf6 56.Bc4 Be7  1/2-1/2

[Event "3rd Arctic Cup"]
[Site "Salekhard RUS"]
[Date "2007.10.18"]
[Round "11"]
[White "Rozum,I"]
[Black "Rojicek,V"]
[Result "0-1"]
[WhiteElo "2411"]
[BlackElo "2355"]

1.Nf3 Nf6 2.c4 g6 3.Nc3 Bg7 4.e4 d6 5.d4 O-O 6.Be2 e5 7.O-O Nbd7 8.Re1 c6
9.Bf1 Qb6 10.d5 Nc5 11.Rb1 cxd5 12.cxd5 Ng4 13.Qe2 f5 14.h3 Nxe4 15.Nxe4 fxe4
16.hxg4 exf3 17.gxf3 Bd7 18.Qe4 Rf7 19.Be3 Qd8 20.Be2 Qh4 21.Kg2 Raf8 22.Rh1 Qd8
23.Rh3 Bf6 24.Rbh1 Bg5 25.Bd3 Qf6 26.a3 Rc8 27.Rd1 Bxe3 28.fxe3 Qg5 29.Rg3 a6
30.a4 b5 31.Re1 Rc5 32.axb5 Bxb5 33.Rh3 Rfc7 34.Kg3 Rc4 35.Bxc4 Rxc4 36.f4 exf4+
37.exf4 Rxe4 38.Rxe4 Qxd5 39.Re3 Qd4 40.Rc3 Bd7 41.Rh2 Qg1+ 42.Rg2 Qe1+ 43.Rf2 Bxg4
44.Rd3 h5 45.Rd2 d5  0-1